[Event "6th Agzamov Memorial"]
[Site "Tashkent UZB"]
[Date "2012.03.12"]
[Round "7"]
[White "Iordachescu,V"]
[Black "Mamedov,Rau"]
[Result "1/2-1/2"]
[WhiteElo "2644"]
[BlackElo "2624"]

1.e4 c5 2.Nf3 d6 3.Bb5+ Bd7 4.Bxd7+ Qxd7 5.O-O Nc6 6.Qe2 Nf6 7.Rd1 e6 8.d4 cxd4
9.Nxd4 Be7 10.c4 O-O 11.Nc3 a6 12.b3 Qc7 13.Bb2 Rac8 14.Nxc6 Qxc6 15.a4 Qb6
16.Rd3 Nd7 17.a5 Qc5 18.Nd1 Bf6 19.Bxf6 Nxf6 20.Nc3 Qb4 21.Qd1 Rc6 22.Ra4 Qc5
23.Ra2 Qe5 24.f3 Rfc8 25.g3 h5 26.Kg2 h4 27.f4 Qc5 28.Qf3 hxg3 29.hxg3 Qh5
30.Qxh5 Nxh5 31.Na4 Nf6 32.Kf3 e5 33.Rad2 exf4 34.gxf4 Re8 35.Nc3 Rc5 36.Rxd6 Rh5
37.R6d3 Rh3+ 38.Kg2 Rh4 39.Rd8 Kf8 40.Rxe8+ Kxe8 41.f5 Rg4+ 42.Kf3 Rg1 43.Rg2 Rxg2
44.Kxg2 Nd7 45.Kg3 g5 46.b4 Ne5 47.Na4 Nc6 48.Nc5 Nxb4 49.f6 Nc6 50.Nxb7 Ne5
51.Nc5 Nxc4 52.Kg4 Nxa5 53.Kxg5 Nc6 54.Nxa6 Kd7 55.Kh6 Kd6 56.Kg7 Ne5 57.Nb4 Ke6  1/2-1/2

[Event "European Ind w Rapid 2012"]
[Site "Gaziantep TUR"]
[Date "2012.03.15"]
[Round "1"]
[White "Muzychuk,A"]
[Black "Guramishvili,S"]
[Result "1-0"]
[WhiteElo "2583"]
[BlackElo "2395"]

1.e4 c5 2.Nf3 d6 3.Bb5+ Bd7 4.Bxd7+ Qxd7 5.c4 e5 6.Nc3 Nc6 7.O-O Nge7 8.a3 g6
9.b4 cxb4 10.axb4 Nxb4 11.d4 Bg7 12.Ba3 exd4 13.Nb5 Nec6 14.Qa4 a5 15.Bxb4 Nxb4
16.Nc7+ Ke7 17.Nxa8 Qxa4 18.Rxa4 Rxa8 19.Rb1 Ra6 20.Kf1 d3 21.Nd2 Bc3 22.Nb3 b6
23.Rd1 Ra8 24.Nc1 Rc8 25.Nxd3 Rxc4 26.Nf4 Rc6 27.Rc1 Kd7 28.Ra3 Bb2 29.Rxc6 Kxc6
30.Rb3 Be5 31.Ne2 Kb5 32.f4 Bg7 33.Rh3 h5 34.Ke1 a4 35.Kd2 Kc4 36.Ra3 b5
37.e5 dxe5 38.Rc3+ Kd5 39.Rc7 exf4 40.Rxf7 Be5 41.Nxf4+ Bxf4+ 42.Rxf4 Kc5
43.Rf8 a3 44.Kc3 Nd5+ 45.Kb3 b4 46.Rg8 Ne7 47.Re8 Nc6 48.Rg8 Ne7 49.Rf8 Nc6
50.Rf6 Nd4+ 51.Ka2 g5 52.h3 Kc4 53.Rg6 Nc2 54.Rc6+ Kd3 55.Rc5 g4 56.Kb3 Ne3
57.Rxh5 Nxg2 58.hxg4 Nf4 59.Rb5 a2 60.Kxa2 Kc3 61.g5 Kc4 62.Rf5 Ne2 63.g6 Nc3+
64.Ka1 b3 65.g7  1-0

[Event "European Ind w Rapid 2012"]
[Site "Gaziantep TUR"]
[Date "2012.03.15"]
[Round "4"]
[White "Kosintseva,T"]
[Black "Charochkina,D"]
[Result "1-0"]
[WhiteElo "2513"]
[BlackElo "2371"]

1.e4 c5 2.Nf3 d6 3.Bb5+ Nc6 4.O-O Bd7 5.Re1 Nf6 6.c3 a6 7.Ba4 b5 8.Bc2 Bg4
9.h3 Bh5 10.a4 b4 11.a5 Ne5 12.Ba4+ Ned7 13.cxb4 Bxf3 14.Qxf3 cxb4 15.d4 e6
16.e5 dxe5 17.dxe5 Nd5 18.Bc6 Rc8 19.Bxd5 exd5 20.Qxd5 Nc5 21.Qxd8+ Rxd8
22.Nd2 Be7 23.Nc4 Rd4 24.Nd6+ Bxd6 25.exd6+ Ne6 26.Be3 Rxd6 27.Bc5 Rd2 28.Bxb4 Rxb2
29.Bc3 Rb5 30.Bxg7 Rg8 31.Bd4 Kf8 32.Be3 Kg7 33.Rec1 f5 34.Rc6 Re8 35.Rxa6 f4
36.Bb6 f3 37.Ra7+ Kg6 38.Be3 fxg2 39.Kxg2 Ng7 40.Ra6+ Kf7 41.Rb6 Rd5 42.a6 Nf5
43.Rb7+ Kf6 44.a7 Nxe3+ 45.fxe3 Rdd8 46.Kf3 Ke6 47.Rxh7 Rf8+ 48.Ke4 Rf5  1-0

[Event "European Ind w Rapid 2012"]
[Site "Gaziantep TUR"]
[Date "2012.03.15"]
[Round "6"]
[White "Skripchenko,A"]
[Black "Videnova,I"]
[Result "1-0"]
[WhiteElo "2468"]
[BlackElo "2301"]

1.e4 c5 2.Nf3 d6 3.Bb5+ Nc6 4.O-O Nf6 5.Re1 a6 6.Bxc6+ bxc6 7.e5 Nd5 8.exd6 Qxd6
9.d3 Bg4 10.Nbd2 e6 11.h3 Bh5 12.Ne4 Qc7 13.Ng3 Bg6 14.Ne5 Bd6 15.Nxg6 hxg6
16.Ne4 O-O-O 17.Qf3 Bh2+ 18.Kf1 Bf4 19.Nxc5 Bxc1 20.Raxc1 Rh5 21.Ne4 Rf5
22.Qg3 Qb6 23.a3 Nf4 24.b4 g5 25.Qe3 Qc7 26.d4 Rh8 27.Qg3 Rh6 28.f3 Qd8 29.Red1 Qd5
30.c4 Qd8 31.Ke1 Kb7 32.Rb1 Ka7 33.Qf2 Ka8 34.Kd2 Nxg2 35.Qxg2 Qxd4+ 36.Kc2 Qxc4+
37.Kb2 Rd5 38.Rbc1 Qb5 39.Nc3 Qb8 40.Nxd5 cxd5 41.Qe2 Qb7 42.Qe5 Rxh3 43.Rc7 Qb6
44.Rc5 Rxf3 45.Rdc1  1-0

[Event "European Ind w Rapid 2012"]
[Site "Gaziantep TUR"]
[Date "2012.03.15"]
[Round "11"]
[White "Yildiz,B"]
[Black "Bulmaga,I"]
[Result "1/2-1/2"]
[WhiteElo "2342"]
[BlackElo "2307"]

1.e4 c5 2.Nf3 d6 3.Bb5+ Bd7 4.Bxd7+ Qxd7 5.c4 Nf6 6.Nc3 g6 7.O-O Bg7 8.d4 cxd4
9.Nxd4 O-O 10.f3 Nc6 11.Be3 e6 12.Qd2 Rfd8 13.Rfd1 Qe7 14.Qf2 Rac8 15.Nde2 a6
16.Bb6 Re8 17.Rd2 Nd7 18.Be3 Nce5 19.b3 Rc6 20.Rad1 h6 21.Nd4 Rcc8 22.h3 Nf8
23.Nde2 Rc6 24.Nd4 Rcc8 25.Nde2 Rc6 26.Nd4  1/2-1/2

[Event "European Ind w Rapid 2012"]
[Site "Gaziantep TUR"]
[Date "2012.03.15"]
[Round "11"]
[White "Muzychuk,A"]
[Black "Paikidze,N"]
[Result "1-0"]
[WhiteElo "2583"]
[BlackElo "2406"]

1.e4 c5 2.Nf3 d6 3.Bb5+ Bd7 4.Bxd7+ Qxd7 5.c4 Nf6 6.Nc3 g6 7.d4 cxd4 8.Nxd4 Bg7
9.h3 O-O 10.Be3 Nc6 11.O-O Rac8 12.b3 Ne8 13.Rc1 b6 14.Nxc6 Rxc6 15.f4 Nf6
16.Qd3 Rfc8 17.Bd4 e5 18.Be3 exf4 19.Bxf4 Qe6 20.Nb5 Rc5 21.Rfe1 Rd8 22.b4 Rcc8
23.Nxa7 Ra8 24.Nc6 Re8 25.Nd4 Qe7 26.Nb5 Rxa2 27.Nxd6 Nh5 28.Bh2 Rea8 29.e5 Rb2
30.Rc2 Rxb4 31.Rf2 Rf8 32.Qa3 f6 33.Qxb4 fxe5 34.Qd2 Rd8 35.Qd5+  1-0

[Event "Nis Open 2012"]
[Site "Nis SRB"]
[Date "2012.03.15"]
[Round "5"]
[White "Djordjevic,Vu"]
[Black "Djuric,R"]
[Result "1/2-1/2"]
[WhiteElo "1929"]
[BlackElo "2099"]

1.e4 c5 2.Nf3 d6 3.Bb5+ Bd7 4.Qe2 Nc6 5.O-O e6 6.c3 Nge7 7.d4 a6 8.Bxc6 Bxc6
9.Rd1 Qc7 10.Bf4 Ng6 11.Bg3 b6 12.Na3 Be7 13.Nc4 Rd8 14.d5 exd5 15.exd5 Bb7
16.Ne3 O-O 17.Nf5 Bf6 18.c4 Bc8 19.Ne3 Rfe8 20.Qc2 Be7 21.Re1 Qd7 22.h4 f6
23.h5 Ne5 24.Nh4 Bf8 25.Bxe5 fxe5 26.Nhf5 Qf7 27.Ng3 Bd7 28.a3 Be7 29.Nef5 Rf8
30.Nxe7+ Qxe7 31.Re4 Rf7 32.b4 Rdf8 33.bxc5 bxc5 34.Rf1 Bf5 35.Nxf5 Rxf5
36.Qe2 Qg5 37.Qg4 Qf6 38.f3 Rb8 39.Rfe1 Rf8 40.Rb1 Rg5 41.Qe6+ Qxe6 42.dxe6 Re8
43.Rb6 Rxe6 44.f4 Rf5 45.fxe5 Rexe5 46.Rxe5 Rxe5 47.Rxd6  1/2-1/2

[Event "Caissa GM March 2012"]
[Site "Kecskemet HUN"]
[Date "2012.03.17"]
[Round "1.4"]
[White "Estrada Nieto,J"]
[Black "Ashwin,J"]
[Result "1/2-1/2"]
[WhiteElo "2306"]
[BlackElo "2454"]

1.e4 c5 2.Nf3 d6 3.Bb5+ Nd7 4.d4 cxd4 5.Qxd4 a6 6.Be2 Ngf6 7.c4 g6 8.Nc3 Bg7
9.O-O O-O 10.h3 b6 11.Qe3 Bb7 12.Rd1 Rc8 13.Rb1 Nc5 14.e5 Nfe4 15.exd6 exd6
16.Nd5 Re8 17.Qf4 Nf6 18.Nxf6+ Qxf6 19.Qxf6 Bxf6 20.Kf1 Be4 21.Ra1 Rcd8 22.Nd4 Bxd4
23.Rxd4 Bxg2+ 24.Kxg2 Rxe2 25.Bh6 f5 26.Rd2 Rxd2 27.Bxd2 d5 28.cxd5 Rxd5
29.Be3 Kf7 30.Rc1 Ke6 31.Kf3 Nd3 32.Rc7 Rd7 33.Rc6+ Rd6 34.Rxd6+ Kxd6 35.Bxb6 Nb4
36.Kf4 h6 37.h4 Nd3+ 38.Kf3 Nb4 39.a4 g5 40.hxg5 hxg5 41.Bd8 g4+ 42.Kf4 Ke6
43.f3 Nd5+ 44.Kg3 gxf3 45.Kxf3 Ke5 46.Ba5 Kd4 47.Be1 Kc4 48.a5 Nb4 49.Bf2 Kb5
50.Bb6 Nd5 51.Bd8 Kb4 52.Bb6 Ka4 53.Bd8 Kb5 54.Kg3 Kc6 55.Kf3 Kd7 56.Bh4 Ke6
57.Bg3 Ne7 58.Bc7 Ng6 59.Bd8 Ke5 60.Bc7+ Kd5 61.Bd8 Nf8 62.Bb6 Ne6 63.Be3 Ke5
64.Ba7 f4 65.Bf2 Kf5 66.Bh4 Nd4+ 67.Kg2 Ke4 68.Bf2 Nc6 69.Bb6 Ne5 70.Bc7 Nd3
71.Bb6 Nxb2 72.Ba7 Nc4 73.Bb6 Kf5 74.Kf3 Ne5+ 75.Kg2 Kg4 76.Bc7 Nd7 77.Bb6 Nf6
78.Bc7 Ne4 79.Bb6 Kg5 80.Kf3 Kf5 81.Bd8 Nd2+ 82.Ke2 Nc4 83.Kf3 Ne5+ 84.Kg2 Ke4
85.Bc7 f3+ 86.Kg1 Nd3 87.Bb6 Kf4 88.Ba7 Kg3 89.Bb8+ Kg4 90.Bc7 Kf5 91.Bb6 Ke4
92.Ba7 Kd5 93.Bb6 Kc4 94.Bd8 Kd5 95.Bb6 Ne5 96.Bc7 Ng4 97.Bb6 Nf6 98.Kf2 Ke4
99.Ba7 Ng4+ 100.Kg3 Ne3 101.Kf2 Ng4+ 102.Kg3 Ne3 103.Kf2 Nd1+ 104.Ke1 Nb2
105.Kf2 Nd3+ 106.Kg3 Ne5 107.Kf2 Nc6 108.Bb6 Kf4 109.Bc7+ Ke4 110.Bb6 Ne5
111.Ba7 Nf7 112.Bb6 Ng5 113.Ba7 Nh3+ 114.Kg3 Nf4 115.Kf2 Nd5 116.Bb6 Kf4
117.Ba7 Nc3 118.Bb8+ Kg4 119.Ba7 Ne4+ 120.Kf1 Kf5 121.Bb6 Ke6 122.Ke1 Kd5
123.Kf1 Kc4 124.Ke1 Kb5 125.Kf1 Nd2+ 126.Kf2 Nc4 127.Kxf3 Nxa5 128.Bxa5 Kxa5
129.Ke2 Kb4 130.Kd2 Kb3 131.Kc1  1/2-1/2

[Event "TCh-AUT 2 Ost 2011-12"]
[Site "Vienna AUT"]
[Date "2012.03.17"]
[Round "8"]
[White "Hangweyrer,M"]
[Black "Wiedner,R"]
[Result "1-0"]
[WhiteElo "2320"]
[BlackElo "2132"]

1.e4 c5 2.Nf3 d6 3.Bb5+ Nd7 4.c3 a6 5.Ba4 Nf6 6.Qe2 Qa5 7.Bc2 Ne5 8.Nxe5 dxe5
9.O-O Bg4 10.f3 Bd7 11.d3 e6 12.f4 Bd6 13.Nd2 Bc6 14.Nc4 Qc7 15.a4 Nd7 16.f5 exf5
17.Rxf5 f6 18.Qg4 g6 19.Rf2 Be7 20.Bh6 b5 21.Ne3 Qd6 22.Bb3 Bf8 23.Bxf8 Rxf8
24.Bd5 Bxd5 25.Nxd5 Kf7 26.h4 h5 27.Qf3 Kg7 28.g4 Rab8 29.axb5 hxg4 30.Qxg4 Rxb5
31.Rg2 g5 32.c4 Rb3 33.hxg5 f5 34.exf5 e4 35.f6+ Kg8 36.Qxe4 Ne5 37.Rh2  1-0

[Event "TCh-BEL 2011-12"]
[Site "Belgium BEL"]
[Date "2012.03.18"]
[Round "10.7"]
[White "Coenen,N"]
[Black "Houriez,C"]
[Result "1/2-1/2"]
[WhiteElo "2345"]
[BlackElo "2331"]

1.e4 c5 2.Nf3 d6 3.Bb5+ Bd7 4.Bxd7+ Nxd7 5.c4 Ngf6 6.Nc3 e6 7.O-O Be7 8.d4 cxd4
9.Qxd4 a6 10.b3 Qc7 11.Rd1 Rc8 12.Bb2 O-O 13.Qe3 Rfe8 14.Rac1 Qb8 15.Qe2 Bf8
16.h3  1/2-1/2

[Event "ch-St Petersburg w 2012"]
[Site "St Petersburg RUS"]
[Date "2012.03.18"]
[Round "2"]
[White "Chernyak,Viktoria"]
[Black "Andreeva,Y"]
[Result "1-0"]
[WhiteElo "1869"]
[BlackElo "1965"]

1.e4 c5 2.Nf3 d6 3.Bb5+ Nc6 4.Bxc6+ bxc6 5.O-O e5 6.c3 Nf6 7.d4 cxd4 8.cxd4 exd4
9.Qxd4 c5 10.Qd1 Bg4 11.Nc3 Be7 12.Bg5 O-O 13.Rc1 h6 14.Bh4 Rb8 15.b3 Rb4
16.Re1 c4 17.Bxf6 Bxf6 18.Nd5 Rb5 19.Rxc4 Be5 20.h3 Bh5 21.g4 Bg6 22.Nxe5 dxe5
23.Nc3 Rb7 24.Qxd8 Rxd8 25.Rc5 Rd3 26.Kg2 f6 27.f3 Bf7 28.Rd1 Rxd1 29.Nxd1 Rd7
30.Nc3 Rd2+ 31.Kg3 Rc2 32.Rc8+ Kh7 33.Rc7 Be6 34.h4 h5 35.Nd5 Rxc7 36.Nxc7 Bd7
37.Nd5 Kg6 38.b4 hxg4 39.fxg4 Kf7 40.Nc3 Ke7 41.a4 Kd6 42.g5 fxg5 43.hxg5 a5
44.bxa5 Kc5 45.Nb5 Bc8 46.Nc7 Bd7 47.g6 Kc6 48.Nd5 Bc8 49.a6 Bd7 50.a7  1-0

[Event "TCh-SUI National A 2012"]
[Site "Switzerland SUI"]
[Date "2012.03.18"]
[Round "1.6"]
[White "Flueckiger,C"]
[Black "Nuri,Kam"]
[Result "1-0"]
[WhiteElo "2359"]
[BlackElo "2261"]

1.e4 c5 2.Nf3 d6 3.Bb5+ Bd7 4.Bxd7+ Qxd7 5.c4 g6 6.d4 cxd4 7.Nxd4 Nf6 8.Nc3 Bg7
9.f3 O-O 10.Be3 Rc8 11.b3 Nc6 12.Qd2 Ne8 13.O-O Nc7 14.Rac1 Ne6 15.Nde2 b6
16.Nd5 Qb7 17.Kh1 Nc7 18.Bg5 Re8 19.Bh6 Rad8 20.Bxg7 Kxg7 21.f4 f6 22.f5 g5
23.Rc3 Rh8 24.Rg3 Kf7 25.h4 h6 26.Qd1 Ke8 27.Nec3 Ne5 28.Re1 Kd7 29.a4 Rb8
30.Nb5 Nxb5 31.axb5 a6 32.Qd4 a5 33.Rd1 Rhf8 34.hxg5 hxg5 35.Rh3 Rf7 36.Nxe7 Qc7
37.Nd5 Qc5 38.Qxc5 bxc5 39.Ra1 Ng4 40.Kg1 Re8 41.Rxa5  1-0

[Event "TCh-SUI National A 2012"]
[Site "Switzerland SUI"]
[Date "2012.03.18"]
[Round "1.6"]
[White "Brunner,L"]
[Black "Gerber,R"]
[Result "1-0"]
[WhiteElo "2448"]
[BlackElo "2412"]

1.e4 c5 2.Nf3 d6 3.Bb5+ Bd7 4.Bxd7+ Qxd7 5.c4 Nc6 6.O-O g6 7.Nc3 Bg7 8.d3 Nf6
9.h3 O-O 10.Be3 Ne8 11.d4 cxd4 12.Nxd4 Nc7 13.Rc1 Nxd4 14.Bxd4 Bh6 15.f4 Ne6
16.Be3 Rac8 17.Nd5 Nc7 18.f5 Bg7 19.Nc3 a6 20.Qd2 b5 21.cxb5 axb5 22.Bh6 Bxh6
23.Qxh6 b4 24.Rf4 g5 25.Qxg5+ Kh8 26.Ne2 Rg8 27.Qh5 Rg7 28.Rg4 Rcg8 29.Rxg7 Rxg7
30.f6 exf6 31.Qf3 Ne6 32.Qxf6 Ng5 33.Ng3 Nxh3+ 34.Kh2 Qg4 35.Rc8+ Qxc8 36.Nf5 Qxf5
37.exf5 Nf4 38.g4 h5 39.g5 h4 40.Qxd6 Nh5 41.Qh6+  1-0

[Event "13th EICC"]
[Site "Plovdiv BUL"]
[Date "2012.03.20"]
[Round "1.69"]
[White "Abdulov,Or"]
[Black "Hracek,Z"]
[Result "0-1"]
[WhiteElo "2387"]
[BlackElo "2627"]

1.e4 c5 2.Nf3 d6 3.Bb5+ Nc6 4.O-O Bd7 5.Re1 Nf6 6.c3 a6 7.Ba4 b5 8.Bc2 Bg4
9.h3 Bxf3 10.Qxf3 g6 11.a4 Rb8 12.axb5 axb5 13.Na3 Nd7 14.e5 Ndxe5 15.Qe2 Qb6
16.Be4 e6 17.Nc2 c4 18.b3 d5 19.Bxd5 exd5 20.bxc4 dxc4 21.Ne3 Bc5 22.Nd5 Qd8
23.Nb4 O-O  0-1

[Event "13th EICC"]
[Site "Plovdiv BUL"]
[Date "2012.03.20"]
[Round "1.1"]
[White "Kabanov,N"]
[Black "Caruana,F"]
[Result "0-1"]
[WhiteElo "2502"]
[BlackElo "2767"]

1.e4 c5 2.Nf3 d6 3.Bb5+ Nc6 4.Bxc6+ bxc6 5.O-O Bg4 6.h3 Bh5 7.e5 e6 8.d3 d5
9.Nc3 Ne7 10.Re1 Nc8 11.Qe2 Nb6 12.b3 Be7 13.Bb2 O-O 14.Nb1 a5 15.a4 c4 16.dxc4 dxc4
17.Rd1 Qb8 18.Nbd2 cxb3 19.cxb3 Nd5 20.Rac1 Qb6 21.Bd4 c5 22.Be3 Rfd8 23.Rc4 Rd7
24.Rdc1 Rad8 25.Bxc5 Bxc5 26.Rxc5 Nf4 27.Qf1 Bxf3 28.Nxf3 Qxb3 29.R5c3 Qb2
30.R3c2 Qb3 31.Rc3 Qxa4 32.Rc4 Qb3 33.Rxf4 Rd1 34.Rxd1 Rxd1 35.Ne1 Qb1 36.Qa6 Rxe1+
37.Kh2 h5 38.Qxa5 Rh1+ 39.Kg3 Qg6+ 40.Kh4 Qxg2 41.Qd8+ Kh7  0-1

[Event "ch-St Petersburg w 2012"]
[Site "St Petersburg RUS"]
[Date "2012.03.20"]
[Round "4"]
[White "Chernyak,Viktoria"]
[Black "Butuc,M"]
[Result "0-1"]
[WhiteElo "1869"]
[BlackElo "2160"]

1.e4 c5 2.Nf3 d6 3.Bb5+ Nd7 4.c3 Nf6 5.Qe2 a6 6.Ba4 e5 7.O-O b5 8.Bc2 Be7
9.d4 O-O 10.Rd1 Qc7 11.Bg5 Nb6 12.d5 Ne8 13.Bxe7 Qxe7 14.Nbd2 g6 15.a4 bxa4
16.Nc4 Nxc4 17.Qxc4 Rb8 18.Rab1 f5 19.Nd2 Nf6 20.Re1 Qf7 21.f3 Nh5 22.Qxa4 Qf6
23.Qc4 Qg5 24.Nf1 Nf4 25.Ne3 fxe4 26.Bxe4 Rb5 27.b4 Bd7 28.Qf1 cxb4 29.Rxb4 Rxb4
30.cxb4 Bb5 31.h4 Qg3  0-1

[Event "ch-St Petersburg w 2012"]
[Site "St Petersburg RUS"]
[Date "2012.03.20"]
[Round "4"]
[White "Belenkaya,D"]
[Black "Chuprova,Irina"]
[Result "1-0"]
[WhiteElo "2229"]
[BlackElo "1890"]

1.e4 c5 2.Nf3 d6 3.Bb5+ Nc6 4.O-O Bd7 5.Re1 a6 6.Bf1 Bg4 7.h3 Bxf3 8.Qxf3 e5
9.Nc3 Nf6 10.Nd5 Nxd5 11.exd5 Ne7 12.c3 Ng6 13.d4 cxd4 14.cxd4 Be7 15.Qb3 Qd7
16.Bd3 f5 17.dxe5 Nxe5 18.Bf4 Nxd3 19.Qxd3 O-O 20.Re6 Rf6 21.Rae1 Rxe6 22.Rxe6 Rf8
23.Qe3 Rf7 24.b3 Bf8 25.Qd3 Kh8 26.Kh2 Rf6 27.Bg5 Rf7 28.Bf4 Rf6 29.Rxf6 gxf6
30.Qd4 Qe7 31.Qc3 Qd8 32.Qe3 Qd7 33.Qb6 Kg7 34.a4 Qe7 35.f3 Kg6 36.Qb4 Qc7
37.Qe1 Qe7 38.Qh4 h5 39.Qf2 Qc7 40.Qe1 Qe7 41.Qd2 Qf7 42.Qd3 Qd7 43.Qd4 Qe7
44.Qd3 Qd7 45.Qc3 Be7 46.b4 Qxa4 47.Qc8 Kg7 48.Qe6 Kf8 49.Bxd6 Bxd6+ 50.Qxd6+ Kf7
51.Qc7+ Ke8 52.Qxb7 Qb5 53.Qc8+ Kf7 54.Qe6+ Kg7 55.Qd6 h4 56.Qc7+ Kg6 57.Qf4 Qxd5
58.Qxh4 Qd2 59.Qg3+ Kf7 60.Qc7+ Kg6 61.Qc5 Qf4+ 62.Kh1 Qh4 63.Qd6 Qc4 64.Kh2 Qe2
65.Qf4 Qb5 66.Qd6 a5 67.Qg3+ Kh6 68.bxa5 Qxa5 69.Qb8 Qe1 70.Qf4+ Kh7 71.Qxf5+ Kg7
72.Qg4+ Kf7 73.Qe4  1-0

[Event "13th EICC"]
[Site "Plovdiv BUL"]
[Date "2012.03.21"]
[Round "2.109"]
[White "Safarli,E"]
[Black "Agaragimov,D"]
[Result "1-0"]
[WhiteElo "2645"]
[BlackElo "2342"]

1.e4 c5 2.Nf3 d6 3.Bb5+ Nc6 4.O-O Bd7 5.c3 a6 6.Ba4 Nf6 7.Re1 b5 8.Bc2 e5
9.h3 Be7 10.d4 O-O 11.d5 Na5 12.Nxe5 dxe5 13.d6 Nc4 14.dxe7 Qxe7 15.b3 Nb6
16.Be3 Bc6 17.Nd2 Nbd7 18.Qf3 Ne8 19.Qe2 Nc7 20.Nf1 Ne6 21.Ng3 g6 22.Rad1 a5
23.a3 Rfb8 24.Qg4 Ng7 25.Bg5 f6 26.Bh6 Nf8 27.f4 Bd7 28.Qf3 Rb6 29.h4 exf4
30.Nf5 gxf5 31.exf5 Qf7 32.Qxa8 Bc6 33.Qd8 Rb7 34.Rd6  1-0

[Event "13th EICC"]
[Site "Plovdiv BUL"]
[Date "2012.03.21"]
[Round "2.144"]
[White "Barta,J"]
[Black "Baltag,I"]
[Result "1/2-1/2"]
[WhiteElo "2148"]
[BlackElo "2420"]

1.e4 c5 2.Nf3 d6 3.Bb5+ Nc6 4.O-O Bd7 5.Re1 Nf6 6.c3 a6 7.Bf1 Bg4 8.h3 Bh5
9.d3 e6 10.Be2 Be7 11.Bg5 Qc7 12.Nbd2 Bg6 13.Rc1 O-O 14.Bf1 d5 15.Nh4 Bh5
16.Be2 Bxe2 17.Qxe2 h6 18.Bxf6 Bxf6 19.Nhf3 Qb6 20.exd5 exd5 21.Nf1 Rad8
22.Ne3 g6 23.Qd2 Bg7 24.Ng4 Kh7 25.Nge5 Nxe5 26.Nxe5 d4 27.c4 Qd6 28.Nf3 Rfe8
29.Re2 Kg8 30.Rce1 Kf8 31.Rxe8+ Rxe8 32.Rxe8+ Kxe8 33.Qe2+ Qe7 34.Kf1 Qxe2+
35.Kxe2 Kd7 36.Nd2 Bf8 37.f4 Ke6 38.Kf3 b6 39.a4 Be7 40.Ne4 f5 41.Nd2  1/2-1/2

[Event "Kasparov Khaylitsha Simul 2012"]
[Site "Cape Town RSA"]
[Date "2012.03.22"]
[Round "1"]
[White "Kasparov,G"]
[Black "Barrish,Daniel"]
[Result "1/2-1/2"]
[WhiteElo "2812"]
[BlackElo "1742"]

1.e4 c5 2.Nf3 d6 3.Bb5+ Bd7 4.Bxd7+ Qxd7 5.O-O Nf6 6.Qe2 g6 7.c3 Bg7 8.d4 cxd4
9.cxd4 O-O 10.Nc3 Nc6 11.Rd1 d5 12.e5 Ne8 13.Qb5 Nc7 14.Qb3 b6 15.Be3 Na5
16.Qc2 Nc4 17.Rac1 Nxe3 18.fxe3 Bh6 19.Qe2 Rac8 20.Rc2 Nb5 21.Rdc1 Nxc3 22.Rxc3 Rxc3
23.Rxc3 Rc8 24.Kf2 Rxc3 25.bxc3 Qc6 26.Qb2 Qc4 27.g4 e6 28.Qc2 Bf8 29.Nd2 Qc6
30.Qb3 b5 31.Kf3 a5 32.e4 Bh6 33.exd5 Qxd5+ 34.Qxd5 exd5 35.Nb3 a4 36.Nc5 Bd2
37.Ke2 Bxc3 38.Kd3 Ba5 39.Nd7 b4 40.Nf6+ Kf8 41.Nxd5 b3 42.axb3 axb3 43.h3 h5
44.gxh5 gxh5 45.Nf4 h4 46.Ng2 b2 47.Kc2  1/2-1/2

[Event "13th EICC"]
[Site "Plovdiv BUL"]
[Date "2012.03.22"]
[Round "3.19"]
[White "Dvirnyy,D"]
[Black "Parligras,M"]
[Result "1/2-1/2"]
[WhiteElo "2507"]
[BlackElo "2614"]

1.e4 c5 2.Nf3 d6 3.Bb5+ Nd7 4.d4 cxd4 5.Qxd4 a6 6.Bxd7+ Bxd7 7.c4 Rc8 8.O-O e5
9.Qd3 h6 10.a4 Nf6 11.b3 Be7 12.Nc3 O-O 13.Ba3 Rc6 14.Rfd1 Re8 15.Nd2 Bg4
16.f3 Be6 17.Kh1 Nd7 18.Nd5 Nc5 19.Bxc5 dxc5 20.Nxe7+ Qxe7 21.Nf1 Qg5 22.Ne3 b6
23.Nd5 Rb8 24.Qd2 Kf8 25.Qf2 a5 26.Nc3 Rd8 27.Rxd8+ Qxd8 28.Rd1 Rd6 29.Rxd6 Qxd6
30.Nd5 Bc8 31.Kg1 Bb7 32.Qd2 Bc8 33.Kf2 Ke8 34.Ke2 Bb7 35.Kd1 Bc8 36.h3 Bd7
37.Ne3 Qc7 38.h4 Be6 39.Nd5 Qd8 40.g3 Kf8 41.Ne3  1/2-1/2

[Event "Caissa GM March 2012"]
[Site "Kecskemet HUN"]
[Date "2012.03.23"]
[Round "7.1"]
[White "Estrada Nieto,J"]
[Black "Ilincic,Z"]
[Result "1/2-1/2"]
[WhiteElo "2306"]
[BlackElo "2444"]

1.e4 c5 2.Nf3 d6 3.Bb5+ Bd7 4.Bxd7+ Qxd7 5.O-O Nc6 6.Qe2 Nf6 7.Rd1 e5 8.c3 Qg4
9.d3 h6 10.Na3 Be7 11.Nc2 g6 12.h3 Qe6 13.Re1 Kf8 14.d4 Nd8 15.b4 b6 16.bxc5 bxc5
17.Qa6 exd4 18.cxd4 d5 19.Qxe6 Nxe6 20.exd5 Nxd5 21.Ne3 Rd8 22.Nxd5 Rxd5
23.dxc5 Bxc5 24.Bb2 Rg8 25.Rac1 Ke7 26.Rxc5 Rxc5 27.Ba3 Rc8 28.Ne5 Rc7 29.Nd3 Kd7
30.Rxe6 Ra5 31.Re3 Rxa3 32.Ne5+ Ke6  1/2-1/2

[Event "13th EICC"]
[Site "Plovdiv BUL"]
[Date "2012.03.23"]
[Round "4.144"]
[White "Barta,J"]
[Black "Nestorovic,L"]
[Result "0-1"]
[WhiteElo "2148"]
[BlackElo "2374"]

1.e4 c5 2.Nf3 d6 3.Bb5+ Nc6 4.O-O Bg4 5.c3 Qb6 6.Be2 g6 7.Na3 Bg7 8.Nc4 Qc7
9.Ne3 Bxf3 10.Nd5 Qd7 11.Bxf3 e6 12.Ne3 Nge7 13.Re1 O-O 14.Nc2 d5 15.exd5 Nxd5
16.d4 cxd4 17.Nxd4 Nxd4 18.cxd4 Rac8 19.Be3 Qb5 20.Re2 b6 21.a3 Rfd8 22.Rc1 Rxc1
23.Qxc1 Qa4 24.Rd2 Bf6 25.h3 Kg7 26.Bd1 Qa5 27.b4 Qb5 28.Rc2 Qd7 29.Bf3 Be7
30.Qb2 Bd6 31.b5 Bb8 32.Rc6 Kg8 33.a4 Ne7 34.Bg5 Nxc6 35.bxc6 Qxd4 36.Qc1 f6
37.c7 Bxc7 38.Qxc7 fxg5 39.Qxa7 Rd7 40.Qb8+ Kg7 41.Qe8 Qd6 42.Qa8 Rc7 43.g3 Qd3
44.Be4 Rc1+ 45.Kg2 Qf1+ 46.Kf3 Qd1+  0-1

[Event "TCh-CAT 2012"]
[Site "Catalunya ESP"]
[Date "2012.03.24"]
[Round "9.1"]
[White "Farran Martos,J"]
[Black "Alsina Leal,D"]
[Result "0-1"]
[WhiteElo "2221"]
[BlackElo "2535"]

1.e4 c5 2.Nf3 d6 3.Bb5+ Bd7 4.Bxd7+ Qxd7 5.O-O Nf6 6.Re1 Nc6 7.c3 e6 8.d4 cxd4
9.cxd4 d5 10.e5 Ne4 11.Nbd2 Nxd2 12.Bxd2 Be7 13.Rc1 O-O 14.Rc3 Rfc8 15.Qe2 Nb4
16.a3 Rxc3 17.Bxc3 Nc6 18.Rc1 Bd8 19.Qd3 h6 20.Bd2 Bb6 21.Kf1 Rf8 22.Re1 f6
23.exf6 Rxf6 24.Bc3 Qf7 25.h3 Bc7 26.Re3 Ne7 27.Re2 Ng6 28.Bd2 Bd6 29.Qc3 Qd7
30.Bc1 Qb5 31.Ke1 Rf7 32.Qc8+ Kh7 33.Rc2 e5 34.dxe5 Bxe5 35.Qg4 Bf6 36.Be3 Re7
37.h4 Re4 38.Qh5 Qd7 39.Kd1 d4 40.Bg5 d3 41.Rd2 Qd5 42.g4 Re6  0-1

[Event "Caissa GM March 2012"]
[Site "Kecskemet HUN"]
[Date "2012.03.24"]
[Round "8.5"]
[White "Estrada Nieto,J"]
[Black "Groszpeter,A"]
[Result "1/2-1/2"]
[WhiteElo "2306"]
[BlackElo "2483"]

1.e4 c5 2.Nf3 d6 3.Bb5+ Nc6 4.O-O Bd7 5.Re1 Nf6 6.h3 a6 7.Bf1 e6 8.c3 Be7
9.d4 cxd4 10.cxd4 d5 11.exd5 Nxd5 12.Nc3 O-O 13.Nxd5 exd5 14.Bf4 Re8 15.Qb3 b5
16.Rac1 Rc8 17.Qxd5 Be6 18.Qxd8 Rexd8 19.a3 Nxd4 20.Nxd4 Rxc1 21.Rxc1 Rxd4
22.Be3  1/2-1/2

[Event "13th EICC"]
[Site "Plovdiv BUL"]
[Date "2012.03.24"]
[Round "5.57"]
[White "Gallagher,Jo"]
[Black "Parligras,M"]
[Result "0-1"]
[WhiteElo "2502"]
[BlackElo "2614"]

1.e4 c5 2.Nf3 d6 3.Bb5+ Nd7 4.d4 cxd4 5.Qxd4 a6 6.Bxd7+ Bxd7 7.c4 Rc8 8.O-O Qc7
9.b3 b5 10.Na3 e5 11.Qd3 Qb7 12.Re1 Nf6 13.Bg5 Nh5 14.cxb5 axb5 15.Rac1 Rxc1
16.Bxc1 Be7 17.Nc2 O-O 18.Nb4 Be6 19.Bd2 h6 20.Rc1 Ra8 21.Rc2 Nf6 22.Nc6 Bf8
23.Bb4 Rc8 24.Na5 Qxe4 25.Qxe4 Nxe4 26.Rxc8 Bxc8 27.a4 bxa4 28.bxa4 Bd7 29.Nb7 Bxa4
30.Ne1 d5 31.Bxf8 Kxf8 32.Nd3 f6 33.f4 Bb5 34.Nb4 d4  0-1

[Event "Belgrade Spring Open 2012"]
[Site "Belgrade SRB"]
[Date "2012.03.25"]
[Round "2.2"]
[White "Lazarevic,ZV"]
[Black "Martic,I SRB"]
[Result "1/2-1/2"]
[WhiteElo "2111"]
[BlackElo "2392"]

1.e4 c5 2.Nf3 d6 3.Bb5+ Nc6 4.c3 Nf6 5.Qe2 Bd7 6.O-O a6 7.Ba4 e5 8.d4 b5
9.dxe5 dxe5 10.Bc2 Be7 11.a4 c4 12.b3 cxb3 13.Bxb3 O-O 14.Rd1 bxa4 15.Bxa4 Qc7
16.c4 Bc5 17.Be3 Bxe3 18.Qxe3 Bg4 19.Bxc6 Bxf3 20.Bxa8 Bxd1 21.Bd5 Bh5 22.c5 Rb8
23.Nc3 Bg6 24.Rxa6 Ng4 25.Qe2 Qxc5 26.Rc6 Qa5 27.g3 Nf6 28.Kg2 h6 29.Qc4 Rf8
30.Rc8  1/2-1/2

[Event "13th EICC"]
[Site "Plovdiv BUL"]
[Date "2012.03.25"]
[Round "6.63"]
[White "Sedlak,N"]
[Black "Gabuzyan,H"]
[Result "1/2-1/2"]
[WhiteElo "2593"]
[BlackElo "2441"]

1.e4 c5 2.Nf3 d6 3.Bb5+ Bd7 4.Bxd7+ Qxd7 5.O-O Nc6 6.Qe2 g6 7.Rd1 Bg7 8.c3 e5
9.d3 Nge7 10.a3 O-O 11.b4 cxb4 12.axb4 b5 13.Nbd2 f5 14.Nb3 h6 15.d4 fxe4
16.Qxe4 Qf5 17.Qxf5 gxf5 18.Ra6 Rfd8 19.Bd2 Rac8 20.g3 Nd5 21.Be1 Bf6 22.dxe5 dxe5
23.Na5 Nb8 24.Rxa7 e4 25.Nh4 Bxh4 26.gxh4 Nf4 27.Rxd8+ Rxd8 28.Kf1 Rd1 29.Nb3 Nc6
30.Ra1 Rd3 31.Bd2 Nd5 32.Bxh6 Rxc3 33.Rc1 Rxb3 34.Rxc6 f4 35.Kg2 Rb2 36.Rc5 Ne3+
37.Kh3 Rxf2 38.h5 Nc4 39.Bg5 e3 40.Rc8+ Kf7 41.Rc7+ Ke6 42.h6 e2 43.Bh4 Rf3+
44.Kg2 Re3 45.Re7+ Kd5 46.h7 f3+ 47.Kg1 Rxe7 48.h8=Q e1=Q+ 49.Bxe1 Rxe1+
50.Kf2 Re5 51.h4 Rf5 52.h5 Nd6 53.h6 Ne4+ 54.Ke3 Nf6 55.h7 f2 56.Qd8+ Ke6
57.Qc8+ Ke5 58.h8=Q Rf3+ 59.Kxf3 f1=Q+ 60.Kg3 Qg1+ 61.Kf3 Qf1+ 62.Ke3 Qe1+  1/2-1/2

[Event "ch-VIE Men KO 2012"]
[Site "Can Tho VIE"]
[Date "2012.03.27"]
[Round "2.1"]
[White "Nguyen Van Hai"]
[Black "Nguyen Huynh Minh Huy"]
[Result "1/2-1/2"]
[WhiteElo "2311"]
[BlackElo "2460"]

1.e4 c5 2.Nf3 d6 3.Bb5+ Nd7 4.O-O a6 5.Bd3 g6 6.c3 Bg7 7.Bc2 Ne5 8.Nxe5 dxe5
9.a4 Nf6 10.d3 O-O 11.a5 Qc7 12.Nd2 Rd8 13.h3 Be6 14.Qe2 Nh5 15.Nc4 Nf4 16.Qf3 Bxc4
17.dxc4 Rd7 18.Rd1 Rad8 19.Rxd7 Rxd7 20.g3 Ne6 21.Be3 Bf8 22.Ba4 Rd6 23.Be8 f6
24.Rd1 Ng7 25.Rxd6 exd6 26.Ba4 Qxa5 27.Qd1 Ne6 28.Qd5 Qxa4 29.Qxe6+ Kg7 30.Qc8 Qxc4
31.Bh6+ Kxh6 32.Qxf8+ Kg5 33.f3 Qe2 34.h4+ Kh5 35.Qxf6 Qe1+ 36.Kg2 Qe2+ 37.Kg1 Qe1+
38.Kg2 Qe2+ 39.Kg1  1/2-1/2